Statystyki dla Miasta w Czechach powyżej 100k mieszkańców

Kliknij tutaj aby rozwiązać quiz!

Ogólne statystyki

  • Ten quiz został rozwiązany 135 razy
  • Średni wynik to 5 z 6

Statystyki odpowiedzi

LudnośćMiasto% Poprawnych
1268796Praga
100%
385913Brno
90%
296224Ostrawa
89%
170322Pilzno
74%
102754Liberec
66%
101003Ołomuniec
60%

Rozkład punktacji

Percentyl według liczby udzielonych odpowiedzi

Procent ludzi z każdym wynikiem

Twoja historia wyników

Nie rozwiązałeś tego quizu